000 00923cam a2200193 4500
001 WB3810-27
008 020314n2002 000 0 eng u
035 _a(Sirsi) u117127
245 _aFMD interim contingency plan
260 _c2002
490 _aDEFRA News Release
_v(96/02) 12 March 2002, (1)
520 _aA draft interim contingency plan outlining the operational response to a future outbreak of foot and mouth disease (FMD) has been made available for discussion on DEFRA's website at http://www.defra.gov.ukl/footandmouth/disease/index.htm. Animal Health Minister Elliot Morley confirmed that the outcome of the two inquiries into the FMD outbreak will be crucial in preparing a response to a future outbreak. http://www.defra.gov.uk/news/2002/020312c.htm
590 _aWB
650 _aFOOT-AND-MOUTH DISEASE
650 _aDEFRA
650 _aCONTINGENCY PLANS
690 _aRural
_96268
942 _n0
999 _c69781
_d69781